Quizzes
Events
Quiz Creation
Community
Videos
Private Events
Remove Ads
Sign In
Join for FREE
Feedback
Dark Mode
Quiz Categories
Sports
Geography
Music
Movies
Television
Just For Fun
Miscellaneous
History
Literature
Language
Science
Gaming
Entertainment
Religion
Holiday
For Kids
Quiz Lab
Recent
Popular Today
Quiz Kudos Today
Editor Picks
Curator Picks
Quizzes by...
Day
Popularity
Type
Ratings
Length
Year
Community
Subscriptions
Recent Discussions
Orange Saloon
Badges
Playlists
Quests
Create
Leaderboards
Showdown
Live 5
Trivia Bingo
Activity
Puzzle Library
Sporcle Events
Private Events
Virtual Trivia
Globe League
Become a Host
Pub Owners
SporcleCon
Opinionation
Our Games
Videos
Blog
Mobile Apps
Partnerships
Remove Ads and Go Orange
Feedback
Science
Computer
Plants
Astronomy
Chemistry
Elements
Math
Animal
Physics
Anatomy
Biology
Geology
General Science
Science
Computer
Plants
Astronomy
Chemistry
Elements
Math
Animal
Physics
Anatomy
Biology
Geology
General Science
Random Quiz
Search Sporcle
×
Quiz Lab
Quiz Lab
Science
Interaction
Type in answers that appear in a list
Type in answers that appear in a list
Classic
Best Score? Go Orange.
CYP Interactions FA 2015 Stats
Can you name the CYP Interactions FA 2015?
By
joneil2010
10m
30 Questions
18 Plays
18 Plays
18 Plays
Comments
Comments
Give Quiz Kudos
Give Quiz Kudos
-
- Ratings
hide this ad
Random Order
Randomize order of answers
Randomize order of answers
Replay
Link that replays current quiz
Next Quiz
Link to next quiz in quiz playlist
You Got
0%
They Got
Avg Score
53%
Avg Friend Score
Upgrade to see
Score Distribution
Jump to the score distribution portion of the page
Score
0/30
Timer
10:00
0
Plays Today
Hint
Answer
% Correct
Inducer
Phenytoin
88.9%
Inducer
Phenobarbital
83.3%
Inducer
Carbamazepine
83.3%
Substrate
Warfarin
83.3%
Inducer
Rifampin
77.8%
Inhibitor
Isoniazid
77.8%
Inducer
Chronic alcohol
72.2%
Inducer
Griseofulvin
72.2%
Inhibitor
Omeprazole
72.2%
Substrate
Anti-epileptic
66.7%
Substrate
Theophylline
66.7%
Substrate
OCP
66.7%
Inhibitor
Cimetidine
66.7%
Inhibitor
fluconazole
61.1%
Inhibitor
ketoconazole
61.1%
Hint
Answer
% Correct
Inhibitor
acute alcohol
61.1%
Inhibitor
Ciprofloxacin
61.1%
Inducer
St John wort
55.6%
Inducer
Nevirapine
55.6%
Inhibitor
Sodium valproate
55.6%
Inhibitor
macrolide
55.6%
Inhibitor
Metronidazole
55.6%
Inhibitor
Sulfonamide
44.4%
Inhibitor
Chloramphenicol
38.9%
Inducer
OCP
33.3%
Inhibitor
amiodarone
33.3%
Inducer
ginseng
0%
Inhibitor
SSRI
0%
Inhibitor
Thyroid hormone
0%
Inhibitor
ginkgo
0%
Quiz Playlist
Details
Report
Send in Message
Add To Playlist
Classic:
Type in answers that appear in a list
Random Order:
Randomize order of answers
Last Updated: Apr 23, 2017
Quiz Scoreboard
CHALLENGE
Sign Up to Join the Scoreboard
Show All
Scores
Hide
Comments
May contain spoilers
Recently Published
Presidents Visiting Landmarks
by Hejman
History
7m
An Introduction to Baseball
by treessimontrees
Sports
5m
Movies - When Are They Set?
by FPL_Elf
Movies
5m
More to Explore
Quiz From the Vault
Featured Blog Post
Where Did the Easter Bunny Come From?
hide this ad
You Might Also Like...
Tags
2015
Interaction
Today's Top Quizzes in Science
Browse Science
hide this ad
Top Contributed Quizzes in Science
1
Quick Pick: Radians
2
Quick Pick: 'CI-CJ' Animals
3
Elements In Images
4
One Thing in Common: Science
5
One Thing in Common: Science III
6
One Thing in Common: Animals
7
1 to 50
8
Name the Acid, Base or Salt
9
One Thing in Common: Science II
10
Count to 60
Explore More
Trending Topics
Marvel
Harry Potter
NBA
Kpop
Anime
Crossword
Disney
NFL
Puzzle
The Office
WWE
Country
Soccer
Song
Pokémon
hide this ad
More By:
joneil2010
Quiz
Plays
Rating
Category
Featured
Created
genetic disorder by chromosome FA 2017
106
Science
Apr 13, 2017
Signaling Pathways of Endocrine Hormones FA 2015
75
5.00
Science
Apr 6, 2017
Oncogenic Microbes FA 2015
43
Science
Apr 4, 2017
Drug Reactions - Hematologic FA 2015
36
Science
Apr 5, 2017
Tumor Suppressor Genes FA 2015
33
Science
Apr 4, 2017
Go to Creator's Profile
Score Distribution
Quiz Creator Spotlight
joneil2010
Follow
Send a Message
Quizzes Created
-
Created Quiz Play Count
-
More By This Creator
Popular Quizzes Today
1
Find the US States - No Outlines Minefield
2
Find the Countries of Europe - No Outlines Minefield
3
The Countries of the World
4
Find the US States
5
Popular People in 1961
6
US States
7
Risky Map Clicking: Biggest States A-Z
8
1-10 Letter E Words III
More Science Quizzes
5 Letters or Fewer Elements
Published
Trending Quizzes
Risky Map Clicking: Least Populous States A-Z
1-10 Letter G Words
1-10 Letter F Words
One Thing in Common: United Kingdom
Risky Map Clicking: Next State Alphabetically
Recently Updated
Leaping Animals
pecheneg
Reality TV Shows (A-Z)
bhenderson79
Rickey Henderson's Hall of Fame Teammates
pecheneg
Champions League XIs: Arsenal
pecheneg
Quick Pick: Celebrities in WWE's Hall of Fame
aduchscher
A-Z Keypad Blitz II
pecheneg
Multiple Oscar Actors
pecheneg
Mystery Phrase Blitz: Oscar 'Best Actors'
pecheneg
F. Scott Fitzgerald Novels
LTH
Pick 3 Villains
ddd62291
Trending Topics
Kpop
Crossword
Harry Potter
Disney
NBA
Marvel
Anime
NFL
WWE
The Office
Pokémon
Puzzle
Song
Country
Soccer
Your Account Isn't Verified!
In order to create a playlist on Sporcle, you need to verify the email address you used during registration. Go to your
Sporcle Settings
to finish the process.
Report this User
Report this user for behavior that violates our
Community Guidelines
.
Details:
Send Report
Go to the Sporcle.com Mobile Site →
Comments